|
|
|
|
| LEADER |
00000nam a22000007a 4500 |
| 005 |
20220111214419.0 |
| 007 |
cr|||| |||| |
| 008 |
220111s2020 eu |||||s||||i00||0 eng d |
| 020 |
|
|
|a 978-92-76-20764-1
|
| 035 |
|
|
|a 34146
|
| 040 |
|
|
|a vLex
|
| 090 |
|
|
|c 12816
|d 12816
|
| 100 |
1 |
|
|a Bircan, Tuba
|
| 245 |
1 |
0 |
|a Feasibility study for a child guarantee
|h [Recurso electrn̤ico] :
|b Target group discussion paper on children with a migrant background (including refugee children) /
|c Tuba Bircan, Anne van Lancker, Ides Nicaise
|
| 256 |
|
|
|a Servicio en ln̕ea
|
| 260 |
|
|
|a Bruselas:
|b European Union Publications Office,
|c 2020
|
| 300 |
|
|
|a 1 recurso electrn̤ico
|
| 500 |
|
|
|a For the purpose of this study, children with a migrant background are defined as children with at least one parent born outside the EU. According to EU Statistics on Income and Living Conditions (EU-SILC) data, their share in the population of children amounts to 7.1% at EU level, but varies between 0.1% in Romania and 27% in Austria. Given the doubtful representativeness of existing microdata for households with a migrant background, it appears hazardous to estimate their number in the EU as a whole. As regards ‘refugee children’, only official figures on recent applications for asylum can be used: in the fouryear period 2015-2018, approximately 1.2 million new child applicants have been registered for the EU as a whole. The total number of so-called ‘children in migration’ is undoubtedly much higher, as many do so under a different immigration status
|
| 506 |
1 |
|
|a Disponible solo en los productos indicados
|d vLex Global
|d vLex Global (Academic Edition, excluding Law Schools)
|d vLex Global (U.S. Academic Edition, Law Schools)
|d vLex Global (U.S. Academic Edition, excluding Law Schools)
|d vLex Global (Academic Edition, Law Schools)
|
| 650 |
0 |
4 |
|a Derecho Comunitario
|z Unin̤ Europea
|
| 700 |
1 |
|
|a Lancker, Anne van
|
| 700 |
1 |
|
|a Nicaise, Ides
|
| 740 |
0 |
|
|a vLex Libros (Servicio en ln̕ea)
|
| 856 |
4 |
0 |
|u https://app.vlex.com/#/sources/34146
|z Acceso restringido
|
| 942 |
|
|
|c BOOK
|
| 999 |
0 |
|
|a Community Law
|